zpět

Detail výsledku týmu

Bar 12 opic, Prostějov

Datum a čas kvízu

23.5 Celkem bodů Celkový počet nahraných bodů na tomto kvízu bez doplňovacích otázek.
6. Pořadí na kvízu Konečné umístění týmu na tomto kvízu.

Zaznamenané odpovědi

# Otázka Odpověď Body Výsledky
1. V Olomouci se objevil případ m... na sušáku na prádlo (na klepači na koberce) 1
2. Donald Trump oznámil, že chce... vítězný oblouk 0
3. Počátkem týdne jsme se dozvědě... Katy Perry; Justin Trudeau 0
4. Kim Kardashian minulý týden př... Jsou chlupaté. 1
5. Fotbalisté z malého afrického... Kapverdy 0
6. Asijská poušť Karakum, uprostř... Turkmenistán 0
7. Uveďte, kterým čtyřpísmenným p... vádí 0
8. Vyberte, se kterým živočichem... B 1
9. Vojáci Československého pěšího... Tobruk 0
10. Britský umělec Gordon Sumner s... Sting 0